Southville International School and Colleges
Your cart is empty.
  • Cart
  • Lists
    Public lists Eva Luna New books Lux_list list_1
    Your lists Log in to create your own lists
  • Log in to your account
  • Your cookies
  • Search history
Southville International School and Colleges
  • Advanced search
  • Recent comments
  • Most popular
  • Libraries

Log in to your account

Log in with GOOGLE


If you do not have an external account, but do have a local account, you can still log in:

  1. Home
  2. MARC view: Management science modeling /
Normal view MARC view ISBD view

Management science modeling / (Record no. 276081)

[ view plain ]
MARC details
000 -LEADER
fixed length control field 00362nam a2200133 a 4500
005 - DATE AND TIME OF LATEST TRANSACTION
control field 20141022141958.0
008 - FIXED-LENGTH DATA ELEMENTS--GENERAL INFORMATION
fixed length control field 120302s19uu xx 00 eng d
050 ## - LIBRARY OF CONGRESS CALL NUMBER
Classification number CD
Item number Al1 2007
100 ## - MAIN ENTRY--PERSONAL NAME
Personal name Albright, Christian
245 ## - TITLE STATEMENT
Title Management science modeling /
Statement of responsibility, etc Christian Albright, Wayne Winston.
260 ## - PUBLICATION, DISTRIBUTION, ETC. (IMPRINT)
Date of publication, distribution, etc 2007.
700 ## - ADDED ENTRY--PERSONAL NAME
Personal name Winston, Wayne L.
942 ## - ADDED ENTRY ELEMENTS (KOHA)
Koha item type Audio Visual Materials

No items available.

Management science modeling /

APA

Albright C., Winston W. L., . (2007). Management science modeling. : .

Chicago

Albright Christian, Winston Wayne L, . 2007. Management science modeling. : .

Harvard

Albright C., Winston W. L., . (2007). Management science modeling. : .

MLA

Albright Christian, Winston Wayne L, . Management science modeling. : . 2007.

  • Print
  • Cite
  • Add to your cart (remove)
  • Save record
    BIBTEX Dublin Core MARCXML MARC (non-Unicode/MARC-8) MARC (Unicode/UTF-8) MARC (Unicode/UTF-8, Standard) MODS (XML) RIS
  • More searches
    Search for this title in:
    Other Libraries (WorldCat) Other Databases (Google Scholar) Online Stores (Bookfinder.com) Open Library (openlibrary.org)

Exporting to Dublin Core...

SOUTHVILLE LIBRARY

Southville International School and Colleges Library

1281 Tropical Ave. Cor. Luxembourg St., BF Homes International, Las Pinas City

Tel. No. 8256374 / 252358 Loc. 117/146

Powered by Koha